Normal view
MARC view
Entry Personal Name
001 - CONTROL NUMBER
- control field: 73523
003 - CONTROL NUMBER IDENTIFIER
- control field: dpl
005 - DATE AND TIME OF LATEST TRANSACTION
- control field: 20241025163103.0
008 - FIXED-LENGTH DATA ELEMENTS
- fixed length control field: 241025|| aca||aabn | a|a d
040 ## - CATALOGING SOURCE
- Original cataloging agency: dpl
- Transcribing agency: dpl
100 ## - HEADING--PERSONAL NAME
- Personal name: A.P.Chaaru Latha
670 ## - SOURCE DATA FOUND
- Source citation: Work cat.: (dpl)206782: WOMEN EMPOWERMENT IN NATION BUILDING/, 2023
